000 00794nam a2200229Ia 4500
003 GCL
005 20240530102959.0
008 140319s9999 xx 000 0 ara d
040 _aGCL /
_cGCL
082 0 4 _aق
_b728.82
_bا ق
100 1 _aامال محمد صفوت
245 1 0 _aالقاهرة الاسلامية: قصر الامير بشتاك وكتاب عبدالرحمن كتخدا /
_cامال محمد صفوت
260 _a[S.N] :
_bوزارة الثقافة هيئة الاثار المصرية
650 0 4 _aالمدارس
650 0 4 _aالاثار الاسلامية
650 0 4 _aالقصور الاسلامية
650 0 4 _aالقاهرة
650 0 4 _aقصر بشتاك
650 0 4 _aالاسبلة
650 0 4 _aعبدالرحمن كتخدا
942 _2ddc
_cBK
999 _c35854
_d35854